000
00215 a2200109 4500
020
_a
0590260413
041
_a
spa
100
_a
Avalos, Cecilia
245
_a
La cucaracha correlona
942
_c
BK
999
_c
29583
_d
29581
999
_d
29581